000 00613nam a2200205Ia 4500
001 12801
003 GE_BSU
008 181216s||||||||xx |||||||||||||| ||und||
040 _cGE_BSU
080 _a631.4(075.32)+631.6(075.32)
100 _aКоролев,А.В. Навроцкий,С.К.
245 _aОбщее земледелие с мелиорацией
245 _cРед.Г.А.Пенькова
260 _aЛенинград
260 _bКолос
260 _c1967
300 _a400стр.20см.илл.
653 _aОбщее земледелие с мелиорацией
942 _cBK
999 _c45972
_d45972